01085 a2200181 4500003000500000005001700005020001400022040000900036082001500045245011200060260004200172300002600214505046000240650004900700942001200749999001900761952012300780Nust20221020145858.0 a0076-2016 cNust a620.03,MCG aMcGraw-Hill yearbook of science and technology / David I. EggenbergercSerial (Periodical, Newspaper, etc.) aNew York,bMcGraw-Hill Book Co.c1965 a454:pbv. ill. 26 cm. aPreview of 1965 (Page 1-77), Computer aided Design (Page 1-9), Virus and Cancer (Page 10-17), Quasi-Stellar radio sources (Page 18-25), Behavior Genetics (Page 26-35), Underground nuclear explosion detection (Page 36-45), Air sea interaction (Page 46-51), Microorganisms in evolution (Page 52-58), International hydrologic decade (Page 59-65), organ transplant developments (Page 66-67), Photographic highlights (Page 79-94), Review of 1964 (Page 95-431). a yearbook of science and technology.9101017 2ddccBK c182775d182775 00102ddc4070aMCSbMCScGENd2016-12-12o620.03,MCGpMCS6568r2016-12-08w2016-12-12yBKzAlmirah No.27, Shelf No.2